[Event "Druzynowe Mistrzostw Polski Juniorow - II Liga"]
[Site "Wroclaw"]
[Date "1899-12-30"]
[Round "3.57"]
[White "Wons, Krystian"]
[Black "Lewek, Jakub"]
[Result "1-0"]
[WhiteTitle "II"]
[BlackTitle "II"]
[WhiteElo "1138"]
[BlackElo "1277"]

1. e4 c5 2. b4 e6 3. bxc5 Bxc5 4. d4 Bb6 5. Nf3 Qc7 6. c3 Nf6 7. Bd3 d6 8. Ba3
Nc6 9. O-O Bd7 10. Nbd2 Na5 11. Rc1 e5 12. Re1 Nh5 13. Nb3 Nf4 14. Bf1 Nc4 15.
Bxc4 Qxc4 16. Bxd6 Bg4 17. Rc2 Rc8 18. h3 Bh5 19. dxe5 Nd3 20. Rf1 Qxe4 21. Nbd2
Qg6 22. Qb1 Nf4 23. Nh4 Qg3 24. Qxb6 Qxh4 25. Qxb7 Kd8 26. Ne4 Ne6 27. Be7+ Qxe7
28. Rd2+ Ke8 29. Qxc8+ 1-0

[Event "Druzynowe Mistrzostw Polski Juniorow - II Liga"]
[Site "Wroclaw"]
[Date "1899-12-30"]
[Round "3.58"]
[White "Kowalski, Aleksander"]
[Black "Zalewski, Witold"]
[Result "0-1"]
[WhiteTitle "II"]
[BlackTitle "II"]
[WhiteElo "1073"]
[BlackElo "1231"]

1. e4 c5 2. Nf3 Nc6 3. d4 cxd4 4. Nxd4 g6 5. Nc3 Bg7 6. Be3 Nf6 7. Be2 d6 8. O-O
O-O 9. f4 Bd7 10. Kh1 Nxd4 11. Bxd4 Bc6 12. Qd3 a6 13. Rf2 Qc7 14. Raf1 Rac8 15.
e5 Nd5 16. exd6 Qxd6 17. Bxg7 Kxg7 18. f5 Rcd8 19. Nxd5 Bxd5 20. f6+ exf6 21.
Qc3 Qe5 22. Qxe5 fxe5 23. c4 Be6 24. b3 Rd2 25. Bf3 Rxf2 26. Rxf2 Rd8 27. h3 b6
28. Re2 f6 29. a4 a5 30. Rb2 f5 31. b4 Bxc4 32. bxa5 bxa5 33. g4 e4 34. Bg2 Rd1+
35. Kh2 e3 36. Bf3 Rd2+ 37. Rxd2 exd2 38. Bd1 Kf6 39. Kg2 Ke5 40. Kf2 fxg4 41.
hxg4 Kf4 0-1

[Event "Druzynowe Mistrzostw Polski Juniorow - II Liga"]
[Site "Wroclaw"]
[Date "1899-12-30"]
[Round "3.59"]
[White "Skolska, Emilia"]
[Black "Pietryk, Joanna"]
[Result "1-0"]
[WhiteTitle "I++"]
[BlackTitle "I"]
[WhiteElo "1517"]
[BlackElo "1417"]

1. e4 c5 2. Nc3 d6 3. f4 Nc6 4. Bb5 a6 5. Bxc6+ bxc6 6. d3 d5 7. Nf3 d4 8. Ne2
g6 9. O-O Bg7 10. Qe1 Nf6 11. h3 O-O 12. g4 Nd7 13. f5 Ne5 14. Qg3 Nxf3+ 15. Rxf3
e5 16. Bd2 g5 17. Qf2 Bf6 18. Ng3 a5 19. Nh5 a4 20. Kg2 Ba6 21. Rh1 h6 22. Nxf6+
Qxf6 23. h4 Kg7 24. hxg5 hxg5 25. Rh5 Rg8 26. Bxg5 Qd6 27. Bh6+ 1-0

[Event "Druzynowe Mistrzostw Polski Juniorow - II Liga"]
[Site "Wroclaw"]
[Date "1899-12-30"]
[Round "3.60"]
[White "Mataczyna, Aleksandra"]
[Black "Kaczmarek, Paulina"]
[Result "0-1"]
[WhiteTitle "II+"]
[BlackTitle "I"]
[WhiteElo "1117"]
[BlackElo "1092"]

1. e4 c5 2. Nf3 d6 3. d4 cxd4 4. Nxd4 Nf6 5. Nc3 g6 6. Be3 Bg7 7. Be2 O-O 8. f3
Nc6 9. Qd2 Bd7 10. O-O-O Rc8 11. h4 h5 12. Rdg1 Nxd4 13. Bxd4 Qa5 14. Qd3 Be6
15. a3 Bc4 16. Qd2 Bxe2 17. Qxe2 e5 18. Be3 a6 19. g4 b5 20. Nd5 Nxd5 21. exd5
e4 22. gxh5 b4 23. Bd2 Bxb2+ 24. Kd1 Qxa3 25. Qg2 Qa1+ 26. Ke2 exf3+ 27. Qxf3
Rfe8+ 0-1

[Event "Druzynowe Mistrzostw Polski Juniorow - II Liga"]
[Site "Wroclaw"]
[Date "1899-12-30"]
[Round "3.61"]
[White "Sleczka, Krzysztof"]
[Black "Maciaszek, Karol"]
[Result "0-1"]
[WhiteTitle "II+"]
[BlackTitle "I"]
[WhiteElo "1443"]
[BlackElo "1695"]

1. e4 c5 2. Nf3 e6 3. d4 cxd4 4. Nxd4 Nf6 5. Nc3 Nc6 6. Ndb5 Bc5 7. Bg5 O-O 8.
Bd3 a6 9. Na3 b5 10. O-O Ne5 11. Ne2 h6 12. Bh4 Bb7 13. Kh1 Ng6 14. Bxf6 Qxf6
15. c3 d5 16. exd5 Bxd5 17. Ng3 Rad8 18. Be4 Bc4 19. Qc2 Bxf1 20. Rxf1 Bxa3 21.
bxa3 Rc8 22. Rc1 Rc7 23. Kg1 Rfc8 24. Ne2 Nf4 25. Nxf4 Qxf4 26. Rd1 Qf6 27. Qe2
Rxc3 28. Bb7 Rc2 29. Qe1 Rd8 30. Rxd8+ Qxd8 31. Bxa6 Qa5 32. Qd1 Rxa2 33. Bb7
Qd2 34. Qf1 Rc2 0-1

[Event "Druzynowe Mistrzostw Polski Juniorow - II Liga"]
[Site "Wroclaw"]
[Date "1899-12-30"]
[Round "3.62"]
[White "Kucharski, Sylwester"]
[Black "Frac, Piotr"]
[Result "1-0"]
[WhiteTitle "I"]
[BlackTitle "II"]
[WhiteElo "1441"]
[BlackElo "1330"]

1. e4 c6 2. d4 d5 3. exd5 cxd5 4. Bd3 Nc6 5. c3 Nf6 6. h3 g6 7. Nf3 Bf5 8. Bxf5
gxf5 9. Bf4 Bg7 10. Nbd2 e6 11. Ne5 Rc8 12. g4 fxg4 13. hxg4 Nd7 14. Nxc6 Rxc6
15. Nf3 b5 16. Qd3 h6 17. Qxb5 Rb6 18. Qe2 Qf6 19. Bg3 Qg6 20. Nh4 Qf6 21. Nf5
Bf8 22. Ne3 Qg6 23. Nxd5 Rc6 24. Nf4 Qg5 25. Rh5 Qe7 26. Nd3 Bg7 27. Qf3 Rc8 28.
Kd2 Nf6 29. Bh4 O-O 30. Rh1 Rfd8 31. Bxf6 Bxf6 32. Qe4 Qc7 33. g5 hxg5 34. Rg1
Kf8 35. Qf3 Ke7 36. Rh6 Bg7 37. Rh7 Bf6 38. Qh5 Rf8 39. Rh6 Rg8 40. Qf3 Bg7 41.
Rh7 Bf6 42. Ne5 Rgf8 43. Ng6+ Rg8 44. Ne5 Rcf8 45. Nc6+ Kd7 46. Qxf6 Kxc6 47.
Rxg5 1-0

[Event "Druzynowe Mistrzostw Polski Juniorow - II Liga"]
[Site "Wroclaw"]
[Date "1899-12-30"]
[Round "3.63"]
[White "Uhryn, Mateusz"]
[Black "Rajlich, Vaclav"]
[Result "1-0"]
[WhiteTitle "I"]
[BlackTitle "II"]
[WhiteElo "1482"]
[BlackElo "1326"]

1. c4 Nf6 2. d4 g6 3. Nc3 Bg7 4. Nf3 d6 5. g3 O-O 6. Bg2 Nbd7 7. O-O e5 8. d5 a5
9. Bg5 h6 10. Bxf6 Nxf6 11. Nd2 Nh5 12. e4 Bd7 13. b3 Qc8 14. Rb1 Bh3 15. a3 Bxg2
16. Kxg2 f5 17. exf5 Qxf5 18. Nce4 Nf6 19. Nxf6+ Bxf6 20. Qe2 h5 21. h4 Rf7 22.
Ne4 Re8 23. b4 axb4 24. axb4 b6 25. Ra1 Rh7 26. Ra7 Rf8 27. c5 bxc5 28. bxc5 dxc5
29. Qc4 Kh8 30. Nxc5 g5 31. Ne6 Rg8 32. hxg5 Bxg5 33. Nxg5 Qxg5 34. Rxc7 Rh6 35.
Qc1 Qg6 36. Rc6 Qe4+ 37. f3 Qe2+ 38. Rf2 Rxc6 39. Qxc6 Qe3 40. Qf6+ Rg7 41. d6
Qd4 42. Re2 h4 43. g4 Qd3 44. Qxe5 h3+ 45. Kg3 Qd1 46. Qh5+ Rh7 47. Qe8+ Kg7 48.
Re7+ Kf6 49. Re6+ Kg7 50. Qg6+ Kf8 51. Re8# 1-0

[Event "Druzynowe Mistrzostw Polski Juniorow - II Liga"]
[Site "Wroclaw"]
[Date "1899-12-30"]
[Round "3.64"]
[White "Bombinski, Michal"]
[Black "Uhryn, Lukasz"]
[Result "0-1"]
[WhiteTitle "II"]
[BlackTitle "II"]
[WhiteElo "1168"]
[BlackElo "1407"]

1. d4 d5 2. Nf3 Nf6 3. Bg5 Nbd7 4. e3 e6 5. Bd3 c5 6. c3 Bd6 7. Nbd2 Qc7 8. Rc1
b6 9. O-O Bb7 10. Re1 O-O 11. Bb1 Rac8 12. Nf1 h6 13. Bh4 Rfe8 14. Bg3 Ne4 15.
Bxd6 Qxd6 16. N3d2 Ndf6 17. f3 Nxd2 18. Qxd2 cxd4 19. exd4 Ba6 20. Ne3 Qf4 21.
Bd3 Bxd3 22. Qxd3 Rc7 23. Rc2 Rec8 24. Rce2 Nh7 25. Kh1 Nf8 26. Ng4 Qd6 27. Ne5
Nd7 28. f4 Nf6 29. f5 Ne4 30. Qh3 Re8 31. fxe6 Rxe6 32. c4 Ng5 33. Qh5 dxc4 34.
h4 Nh7 35. Nxf7 Rxe2 36. Nxd6 Rxe1+ 37. Kh2 Nf6 38. Qf5 Rd7 39. Nxc4 Rxd4 40.
Ne5 Rxe5 41. Qc2 Ng4+ 42. Kh3 Nf6 43. Qf2 Rd3+ 44. g3 Ree3 45. Kg2 Rxg3+ 46. Qxg3
Rxg3+ 0-1

[Event "Druzynowe Mistrzostw Polski Juniorow - II Liga"]
[Site "Wroclaw"]
[Date "1899-12-30"]
[Round "3.65"]
[White "Luniewska, Daria"]
[Black "Kicinska, Magdalena"]
[Result "0-1"]
[WhiteTitle "I"]
[BlackTitle "I++"]
[WhiteElo "1419"]
[BlackElo "1440"]

1. d4 d5 2. Nf3 Nf6 3. Bf4 c6 4. e3 Bf5 5. Bd3 Bg6 6. Bxg6 hxg6 7. c3 Nbd7 8. h3
e6 9. Nbd2 c5 10. Bh2 b5 11. a3 a5 12. Qb1 Be7 13. Qd3 c4 14. Qc2 b4 15. axb4
axb4 16. O-O b3 17. Qb1 O-O 18. Ne5 Nxe5 19. Bxe5 Ra5 20. Bxf6 gxf6 21. Rxa5 Qxa5
22. Qa1 Qc7 23. Qa4 Kg7 24. Ra1 Rh8 25. Qa5 Qd6 26. Qa6 Qxa6 27. Rxa6 f5 28. f4
Rd8 29. Nf3 Rd6 30. Rxd6 Bxd6 31. Ne5 Ba3 32. Kf2 Bxb2 33. Ke2 Bxc3 34. Kd1 Bb2
35. Ke2 Bc3 36. Kd1 Bb2 37. g3 f6 38. Nd3 cxd3 39. Kd2 Bxd4 0-1

[Event "Druzynowe Mistrzostw Polski Juniorow - II Liga"]
[Site "Wroclaw"]
[Date "1899-12-30"]
[Round "3.66"]
[White "Kicinska, Anna"]
[Black "Klintsevich, Aliaksandra"]
[Result "1/2-1/2"]
[WhiteTitle "I+"]
[BlackTitle "I"]
[WhiteElo "1297"]
[BlackElo "1428"]

1. d4 f5 2. c4 e6 3. Nc3 Nf6 4. Nf3 d5 5. b3 Be7 6. Bb2 O-O 7. e3 c6 8. Be2 Nbd7
9. O-O Ne4 10. Ne1 Ndf6 11. Nd3 Bd7 12. a3 Rc8 13. f3 Nxc3 14. Bxc3 b6 15. Nf4
g5 16. Nd3 Be8 17. Ne5 Bg6 18. b4 Qc7 19. c5 b5 20. a4 a6 21. axb5 axb5 22. Ra6
Be8 23. Qb3 Bd7 24. Rfa1 Rb8 25. Be1 f4 26. exf4 gxf4 27. Bd3 Kg7 28. Bc2 Nh5
29. Qd3 Rh8 30. R1a5 Bf6 31. Ng4 Rb7 32. Ra8 Bc8 33. Ra2 Rb8 34. R8a7 Rb7 35.
Ra8 1/2-1/2

[Event "Druzynowe Mistrzostw Polski Juniorow - II Liga"]
[Site "Wroclaw"]
[Date "1899-12-30"]
[Round "3.67"]
[White "May, Jakub"]
[Black "Kaczmarek, Jan"]
[Result "0-1"]
[WhiteTitle "II"]
[BlackTitle "II+"]
[WhiteElo "1271"]
[BlackElo "1596"]

1. e4 c5 2. b3 e6 3. Bb2 Nc6 4. Bb5 Nd4 5. Bxd4 cxd4 6. Nf3 a6 7. Be2 Bc5 8. O-O
Ne7 9. d3 d5 10. Nbd2 dxe4 11. Nxe4 Ba7 12. Ne5 O-O 13. Bf3 Nd5 14. g3 Qc7 15.
Nc4 b5 16. Nb2 Bb7 17. Qe1 Qxc2 18. Rb1 Nc3 19. Nxc3 Bxf3 20. Ncd1 Qxb1 0-1

[Event "Druzynowe Mistrzostw Polski Juniorow - II Liga"]
[Site "Wroclaw"]
[Date "1899-12-30"]
[Round "3.68"]
[White "Gluszynski, Michal"]
[Black "Rychlik, Michal"]
[Result "0-1"]
[WhiteTitle "II"]
[BlackTitle "II"]
[WhiteElo "1513"]
[BlackElo "1354"]

1. e4 e6 2. d4 d5 3. Nc3 Nf6 4. e5 Nfd7 5. f4 c5 6. Nf3 Nc6 7. Be3 cxd4 8. Nxd4
Qb6 9. Qd2 Qxb2 10. Rb1 Qa3 11. Be2 Bb4 12. Rb3 Qa5 13. Ndb5 O-O 14. a3 Bc5 15.
O-O a6 16. Nd4 Bxd4 17. Bxd4 Nc5 18. Bxc5 Qxc5+ 19. Kh1 f6 20. exf6 Rxf6 21. Nd1
b5 22. Rg3 Bd7 23. Nf2 Qd4 24. Nd3 Raf8 25. Bg4 Qb6 26. Qe2 Nd8 27. Ne5 Bc8 28.
Rgf3 Nb7 29. Bh3 Qd4 30. g3 Kh8 31. Ng4 R6f7 32. Ne5 Rc7 33. Re3 g6 34. Rd1 Qc5
35. Rd2 Nd8 36. Red3 Qd6 37. Qg4 Kg8 38. Qh4 Qe7 39. Qh6 Nf7 40. Nxf7 Qxf7 41.
Re3 Re8 42. Rde2 Rc6 43. Re5 Bd7 44. Kg1 Rec8 45. f5 gxf5 46. Bxf5 exf5 47. Qg5+
Rg6 48. Qh4 Re6 49. Qg5+ Kh8 50. Rxf5 Qg7 51. Qd2 0-1

[Event "Druzynowe Mistrzostw Polski Juniorow - II Liga"]
[Site "Wroclaw"]
[Date "1899-12-30"]
[Round "3.69"]
[White "Kolendo, Tymon"]
[Black "Skrzypinski, Jan"]
[Result "0-1"]
[WhiteTitle "III"]
[BlackTitle "I"]
[WhiteElo "1126"]
[BlackElo "1647"]

1. d4 Nf6 2. c4 g6 3. Nc3 Bg7 4. e4 d6 5. Nf3 O-O 6. Be2 Nbd7 7. O-O e5 8. dxe5
dxe5 9. Bg5 c6 10. Qc2 Qc7 11. Rfd1 h6 12. Bh4 g5 13. Bg3 Nh5 14. b4 Nf4 15. Rac1
Nf6 16. b5 Be6 17. Rd2 Nd7 18. Na4 Bf6 19. Bf1 Kh8 20. Qb2 Rfc8 21. Rdd1 Rg8 22.
Ne1 h5 23. h3 h4 24. Bh2 Rg6 25. f3 Kh7 26. Nd3 Be7 27. Kh1 a6 28. b6 Qb8 29.
Bg1 Nh5 30. Bf2 Ng3+ 31. Bxg3 hxg3 32. c5 Qh8 33. Rc2 Rag8 34. Kg1 g4 35. fxg4
Bg5 36. Be2 Be3+ 37. Kf1 Rf6+ 38. Bf3 Bd4 39. Qc1 Kg7 40. Ke2 Kf8 41. Rf1 Ke7
42. Qe1 Qh6 43. Qc1 Qh4 44. Qd1 Rd8 45. Qc1 Nf8 46. Rd2 Ng6 47. Rfd1 Rxf3 48.
Kxf3 Qf6+ 49. Ke2 Nf4+ 50. Nxf4 Qxf4 51. Rxd4 Qf2+ 52. Kd3 Qxd4+ 53. Kc2 Qxa4+
0-1

[Event "Druzynowe Mistrzostw Polski Juniorow - II Liga"]
[Site "Wroclaw"]
[Date "1899-12-30"]
[Round "3.71"]
[White "Lazniewska, Zofia"]
[Black "Gac-mytych, Sara"]
[Result "1/2-1/2"]
[WhiteTitle "I+"]
[BlackTitle "II+"]
[WhiteElo "1561"]
[BlackElo "1176"]

1. e4 c6 2. d4 d5 3. Nc3 dxe4 4. Nxe4 Nd7 5. Nf3 Ngf6 6. Ng3 e6 7. Bd3 c5 8. O-O
cxd4 9. Nxd4 Bc5 10. Nf3 O-O 11. Qe2 Qc7 12. Ne4 b6 13. Bg5 Nd5 14. c4 Nf4 15.
Bxf4 Qxf4 16. Rad1 Bb7 17. Bb1 Ne5 18. Nxe5 Qxe5 19. Rfe1 Rad8 20. Qc2 Bxe4 21.
Qxe4 Qxe4 22. Bxe4 Bb4 23. Rf1 Bc5 24. b3 g6 25. g3 Kg7 26. Kg2 Rd6 27. Rxd6 Bxd6
28. Rd1 Rd8 29. Bc6 Kf6 30. Kf3 Ke7 31. h4 Rc8 32. Be4 Rc5 33. Re1 Re5 34. Re2
f5 35. Bd3 Rxe2 36. Kxe2 h6 1/2-1/2

[Event "Druzynowe Mistrzostw Polski Juniorow - II Liga"]
[Site "Wroclaw"]
[Date "1899-12-30"]
[Round "3.72"]
[White "Pniewska, Beata"]
[Black "Michalska, Lena"]
[Result "0-1"]
[WhiteTitle "I"]
[BlackTitle "I"]
[WhiteElo "1361"]
[BlackElo "1324"]

1. d4 d5 2. Bg5 Nf6 3. Bxf6 gxf6 4. e3 e5 5. c4 Bb4+ 6. Nc3 c6 7. a3 Bxc3+ 8. bxc3
Be6 9. cxd5 cxd5 10. Bb5+ Nd7 11. Nf3 e4 12. Nd2 Rg8 13. Kf1 Qa5 14. Qb3 Rc8 15.
Rc1 a6 16. Bxd7+ Bxd7 17. Qxb7 Qxa3 18. Nb3 Qb2 19. c4 dxc4 20. Qxe4+ Kf8 21.
Rb1 Bc6 22. Qxh7 Bxg2+ 23. Kg1 Qxb1+ 24. Qxb1 Bh3+ 0-1

[Event "Druzynowe Mistrzostw Polski Juniorow - II Liga"]
[Site "Wroclaw"]
[Date "1899-12-30"]
[Round "3.73"]
[White "Pitera, Michal"]
[Black "Smuda, Tomasz"]
[Result "1-0"]
[WhiteTitle "I"]
[BlackTitle "I"]
[WhiteElo "1794"]
[BlackElo "1515"]

1. d4 g6 2. c4 Bg7 3. Nc3 c5 4. d5 Bxc3+ 5. bxc3 e5 6. e4 d6 7. Bd3 Nd7 8. f4 Qf6
9. Ne2 exf4 10. Bxf4 g5 11. Bg3 Ne5 12. Qd2 Ne7 13. Rf1 Qg7 14. O-O-O h6 15. h4
f6 16. Bxe5 fxe5 17. hxg5 hxg5 18. Ng3 Rh4 19. Qf2 Rf4 20. Nh5 Qh8 21. Nxf4 exf4
22. e5 Qxe5 23. Kc2 Bg4 24. Rde1 Qg7 25. Rh1 Kd7 26. Rxe7+ Qxe7 1-0

[Event "Druzynowe Mistrzostw Polski Juniorow - II Liga"]
[Site "Wroclaw"]
[Date "1899-12-30"]
[Round "3.75"]
[White "Penar, Marcin"]
[Black "Kubik, Bartosz"]
[Result "0-1"]
[WhiteTitle "II"]
[BlackTitle "II"]
[WhiteElo "1296"]
[BlackElo "1224"]

1. d4 d5 2. c4 e6 3. Nc3 a6 4. Nf3 dxc4 5. e4 b5 6. a4 b4 7. Nb1 Nf6 8. e5 Nd5
9. Bxc4 Be7 10. O-O O-O 11. Bd2 a5 12. Qc1 Bb7 13. Be3 Nd7 14. Bd3 Rc8 15. Qd2
c5 16. Be4 cxd4 17. Bxd4 Nc5 18. Bxc5 Bxc5 19. Qd3 h6 20. Nbd2 Qb6 21. Bxd5 Bxd5
22. Nb3 Rfd8 23. Nxc5 Qxc5 24. Rfc1 Qxc1+ 0-1

[Event "Druzynowe Mistrzostw Polski Juniorow - II Liga"]
[Site "Wroclaw"]
[Date "1899-12-30"]
[Round "3.76"]
[White "Pawleta, Mateusz"]
[Black "Schiller, Marcin"]
[Result "1/2-1/2"]
[WhiteTitle "II"]
[BlackTitle "II"]
[WhiteElo "1168"]
[BlackElo "1214"]

1. d4 e6 2. c4 d5 3. Nc3 Nf6 4. cxd5 exd5 5. Bg5 Bb4 6. e3 c6 7. Bd3 O-O 8. Qc2
h6 9. Bh4 Be6 10. Nf3 Nbd7 11. O-O Qc7 12. Bg3 Qd8 13. a3 Ba5 14. b4 Bc7 15. Bxc7
Qxc7 16. Rac1 a6 17. Na4 Rfe8 18. Nc5 Nxc5 19. bxc5 Rad8 20. Ne5 Ng4 21. Nxg4
Bxg4 22. h3 Bc8 23. Rb1 Re7 24. Rb6 g6 25. Qd2 Kg7 26. Re1 Rde8 27. Qc3 Kg8 28.
Bc2 Qd7 29. Rb3 Re6 30. Qd2 h5 1/2-1/2

[Event "Druzynowe Mistrzostw Polski Juniorow - II Liga"]
[Site "Wroclaw"]
[Date "1899-12-30"]
[Round "3.77"]
[White "Bartoszek, Julia"]
[Black "Seemann, Lena"]
[Result "1-0"]
[WhiteTitle "I"]
[BlackTitle "II"]
[WhiteElo "1285"]
[BlackElo "1081"]

1. e4 d6 2. d4 Nf6 3. Nc3 e5 4. dxe5 dxe5 5. Qxd8+ Kxd8 6. Nf3 Nc6 7. Bg5 Bb4 8.
O-O-O Ke8 9. Bxf6 gxf6 10. Nd5 Ba5 11. Nxf6+ Kf8 12. Bb5 Be6 13. Bxc6 bxc6 14.
Nxe5 Bb6 15. Nfd7+ Bxd7 16. Rxd7 f6 17. Nxc6 Bxf2 18. Rf1 Be3+ 19. Kb1 Bg5 20.
e5 Re8 21. exf6 Re6 22. Rd8+ Re8 23. Rxe8+ Kxe8 24. f7+ Kf8 25. Nd4 Ke7 26. f8=Q+
Rxf8 27. Rxf8 Kxf8 28. Ne6+ Kf7 29. Nxg5+ Kg6 30. Nxh7 Kxh7 31. Kc1 Kg6 32. Kd2
Kf5 33. Ke3 Kg5 34. c4 c5 35. Ke4 Kg4 36. Kd5 Kf5 37. Kxc5 Ke5 38. h4 Kf5 39.
Kd6 Kg4 40. c5 Kxh4 41. c6 Kg3 42. c7 Kf2 43. c8=Q a5 44. Qc5+ Kg3 45. Qe3+ Kh2
46. g4 Kh1 47. g5 Kg2 48. g6 Kf1 49. g7 Kg2 50. g8=R+ Kf1 51. Rf8+ Kg2 52. Qg5+
Kh2 53. Rh8# 1-0

[Event "Druzynowe Mistrzostw Polski Juniorow - II Liga"]
[Site "Wroclaw"]
[Date "1899-12-30"]
[Round "3.79"]
[White "Guzik, Michal"]
[Black "Goral, Bartosz"]
[Result "1-0"]
[WhiteTitle "II+"]
[BlackTitle "III"]
[WhiteElo "1413"]
[BlackElo "1065"]

1. e4 e5 2. Nf3 Nc6 3. Bc4 Bc5 4. O-O Nf6 5. d4 Bxd4 6. Nxd4 Nxd4 7. Bg5 d6 8.
f4 Be6 9. Bxe6 Nxe6 10. fxe5 Nxg5 11. exf6 gxf6 12. Nc3 Qe7 13. Nd5 Qd8 14. Nxf6+
Kf8 15. Qh5 h6 16. h4 Ne6 17. Ng4 Qe7 18. Nxh6 Rh7 19. Rf3 Nd4 20. Rxf7+ Rxf7
21. Nxf7 Qxe4 22. Rf1 Qe3+ 23. Kh2 Kg7 24. Qg4+ Kh7 25. Ng5+ Kh8 26. Qh5+ Kg7
27. Qh7# 1-0

[Event "Druzynowe Mistrzostw Polski Juniorow - II Liga"]
[Site "Wroclaw"]
[Date "1899-12-30"]
[Round "3.80"]
[White "Nowak, Feliks"]
[Black "Mastej, Krzysztof"]
[Result "0-1"]
[WhiteTitle "II"]
[BlackTitle "II"]
[WhiteElo "1412"]
[BlackElo "1355"]

1. d4 Nf6 2. c4 e6 3. Nc3 Bb4 4. Qc2 Nc6 5. Nf3 d6 6. Bg5 h6 7. Bd2 O-O 8. a3 Bxc3
9. Bxc3 Qe7 10. e3 e5 11. d5 Nb8 12. e4 Nbd7 13. b4 c6 14. Bd3 cxd5 15. cxd5 Nb6
16. O-O Bd7 17. Rac1 Rac8 18. Qe2 Nh5 19. Bd2 f5 20. exf5 Bxf5 21. Bxf5 Rxf5 22.
Rxc8+ Nxc8 23. Rc1 Nb6 24. Nd4 Nf4 25. Bxf4 Rxf4 26. Ne6 Rf7 27. Qe4 Qf6 28. f3
Re7 29. a4 Kf7 30. Nd8+ Ke8 31. a5 Kxd8 32. axb6 axb6 33. Qc4 Ke8 34. Qb5+ Kf7
35. Qxb6 Qf4 36. Rc8 Qd2 37. h3 Qxd5 38. Qd8 Qe6 39. h4 Re8 40. Qc7+ Qe7 41. Qc4+
Qe6 42. Qc7+ Re7 43. Qb8 Kg6 44. g4 Qd5 45. h5+ Kg5 46. Rf8 Qd4+ 47. Kg2 Kh4 48.
Kf1 Qd1+ 49. Kf2 Qd2+ 50. Kf1 Kg3 51. Qa7 Qc3 0-1

[Event "Druzynowe Mistrzostw Polski Juniorow - II Liga"]
[Site "Wroclaw"]
[Date "1899-12-30"]
[Round "3.81"]
[White "Oberc, Szymon"]
[Black "Myszkowski, Jan"]
[Result "1-0"]
[WhiteTitle "II"]
[BlackTitle "II"]
[WhiteElo "1107"]
[BlackElo "1076"]

1. e4 c6 2. d4 d5 3. exd5 cxd5 4. Bd3 Nc6 5. c3 Nf6 6. Bf4 e6 7. Nd2 Bd6 8. Bxd6
Qxd6 9. Ngf3 O-O 10. O-O Re8 11. Re1 Bd7 12. Ne5 Qc7 13. h3 Nxe5 14. dxe5 Ne4
15. Nxe4 dxe4 16. Bxe4 Rad8 17. Qc2 g6 18. Re3 Bc6 19. Bxc6 Qxc6 20. Rd1 Rd5 21.
Rxd5 Qxd5 22. a3 Rd8 23. Qe2 Qb3 24. c4 Qb6 25. b4 a5 26. c5 Qc6 27. Rd3 Rxd3
28. Qxd3 axb4 29. axb4 Qc7 30. Qd6 Qxd6 31. exd6 Kf8 32. b5 Ke8 33. c6 b6 34.
Kf1 f5 35. Ke2 e5 36. f3 h5 37. g4 hxg4 38. hxg4 fxg4 39. fxg4 g5 40. Ke3 e4 41.
Kxe4 Kd8 42. Kf5 Ke8 43. Kxg5 Kd8 44. Kf6 Ke8 45. d7+ Kd8 46. g5 Kc7 47. Ke7 Kb8
48. d8=Q+ Ka7 49. Qc7+ Ka8 50. Qb7# 1-0

[Event "Druzynowe Mistrzostw Polski Juniorow - II Liga"]
[Site "Wroclaw"]
[Date "1899-12-30"]
[Round "3.83"]
[White "Niedorys, Karolina"]
[Black "Biniak, Zuzanna"]
[Result "1/2-1/2"]
[WhiteTitle "I+"]
[BlackTitle "I"]
[WhiteElo "1495"]
[BlackElo "1433"]

1. e4 c5 2. Nf3 d6 3. d4 cxd4 4. Nxd4 Nf6 5. Nc3 g6 6. Be3 Bg7 7. f3 Nc6 8. Qd2
Bd7 9. Bc4 Na5 10. Bb3 Nxb3 11. Nxb3 h5 12. O-O-O a6 13. Nd5 Nxd5 14. exd5 Rc8
15. Kb1 Bf5 16. Rc1 Qc7 17. Nd4 Bd7 18. Rhe1 Bf6 19. Bg5 Kf8 20. Bxf6 exf6 21.
Qf4 Kg7 22. Re7 g5 23. Qe3 Qd8 24. Ne6+ Bxe6 25. Qxe6 Rf8 26. Rd7 Qb6 27. Qxd6
Qxd6 28. Rxd6 Rfe8 29. Rd7 Rb8 30. d6 Re2 31. Rg1 Kf8 32. Kc1 Ke8 33. Rc7 Re6
34. Rd1 h4 35. Rd4 f5 36. Kd2 b6 37. Rd3 Rd8 38. Rc6 Rb8 39. Re3 Kd7 40. Rxe6
fxe6 41. Rc7+ Kxd6 42. Rg7 Ke5 43. Rxg5 1/2-1/2

[Event "Druzynowe Mistrzostw Polski Juniorow - II Liga"]
[Site "Wroclaw"]
[Date "1899-12-30"]
[Round "3.85"]
[White "Bartlomowicz, Jakub"]
[Black "Makhynia, Kostiantyn"]
[Result "1/2-1/2"]
[WhiteTitle "I"]
[BlackTitle "II"]
[WhiteElo "1922"]
[BlackElo "1717"]

1. e4 c5 2. Nf3 Nc6 3. d4 cxd4 4. Nxd4 Nf6 5. Nc3 e5 6. Ndb5 d6 7. Bg5 a6 8. Na3
Be6 9. Nc4 Rb8 10. Ne3 Be7 11. Bxf6 Bxf6 12. Ncd5 Bg5 13. c3 Bxe3 14. Nxe3 Ne7
15. Bc4 Qc7 16. Bxe6 fxe6 17. Qg4 Kf7 18. O-O h5 19. Qh3 g5 20. Qf3+ Kg6 21. Rad1
Rhf8 22. Qe2 Rbd8 23. Rd2 b5 24. Rfd1 Qc6 25. c4 Rd7 26. cxb5 axb5 27. a4 bxa4
28. Qc4 Qxc4 29. Nxc4 Kf6 30. Nb6 Rdd8 31. Nxa4 d5 32. Nb6 Rd6 33. Nc4 Rc6 34.
Ne3 d4 35. Nc2 Rb8 36. Ne1 Nc8 37. Nd3 Nd6 38. Re2 Rbc8 39. g3 Rc2 40. Rde1 Nb5
1/2-1/2

[Event "Druzynowe Mistrzostw Polski Juniorow - II Liga"]
[Site "Wroclaw"]
[Date "1899-12-30"]
[Round "3.86"]
[White "Gajec, Roza"]
[Black "Bochenek, Ryszard"]
[Result "1/2-1/2"]
[WhiteTitle "I"]
[BlackTitle "II+"]
[WhiteElo "1268"]
[BlackElo "1544"]

1. e4 c5 2. Nf3 Nc6 3. d4 cxd4 4. Nxd4 e5 5. Nb5 d6 6. c4 Nf6 7. N1c3 a6 8. Na3
Be7 9. Be2 O-O 10. O-O Be6 11. Nc2 Ne8 12. Kh1 Bg5 13. f4 Bxf4 14. Bxf4 exf4 15.
Rxf4 Qg5 16. Rf3 Ne5 17. Rg3 Qh6 18. Ne3 Kh8 19. b3 g6 20. Qd4 Kg8 21. Nf5 Bxf5
22. exf5 Nc6 23. Qd5 Ng7 24. Rf1 Ne7 25. Qxb7 Nexf5 26. Rh3 Rab8 27. Qxa6 Qg5
28. Qa7 Rbe8 29. Qf2 Ne3 30. Rg1 Ngf5 31. Bd3 Ng4 32. Qf1 Nfe3 33. Qf3 Re6 34.
Ne4 Qf5 35. Rc1 Rxe4 36. Bxe4 Nf2+ 37. Kg1 Nxh3+ 38. gxh3 Qg5+ 39. Qg3 Ng4 40.
Re1 Qc5+ 41. Kg2 Ne5 42. Qf2 Qb4 43. Rd1 f5 44. Bd5+ Kh8 45. Qb2 f4 46. Kf2 Qc5+
47. Qd4 Qa3 48. Qa1 Qc5+ 49. Qd4 Qa3 50. Re1 Qxa2+ 51. Re2 Re8 1/2-1/2

[Event "Druzynowe Mistrzostw Polski Juniorow - II Liga"]
[Site "Wroclaw"]
[Date "1899-12-30"]
[Round "3.87"]
[White "Blaszkiewicz, Jakub"]
[Black "Rzasa, Mateusz"]
[Result "1-0"]
[WhiteTitle "II"]
[BlackTitle "II"]
[WhiteElo "1405"]
[BlackElo "1034"]

1. e4 c5 2. Nf3 e6 3. d3 Nc6 4. g3 Be7 5. c3 d6 6. Bg2 Nf6 7. O-O Qb6 8. Nbd2 O-O
9. Nc4 Qc7 10. a4 b6 11. Qe2 Bb7 12. Ne1 d5 13. Bf4 Qd7 14. Ne5 Nxe5 15. Bxe5
dxe4 16. dxe4 Rad8 17. Bxf6 gxf6 18. a5 b5 19. Qg4+ Kh8 20. Nc2 Qd2 21. Rac1 Qg5
22. Qe2 a6 23. Rfd1 Rg8 24. b4 f5 25. exf5 Bxg2 26. Kxg2 Qxf5 27. bxc5 Bxc5 28.
Nb4 Bxb4 29. cxb4 Rxd1 30. Rxd1 Rc8 31. Qe3 Rc4 32. Rd6 Qe4+ 33. Qxe4 Rxe4 34.
Rxa6 Rxb4 35. Rb6 Kg7 36. Kf3 Kf6 37. h4 h6 38. Ke3 Ke5 39. Kd3 Kd5 40. Kc3 Rc4+
41. Kb3 Kc5 42. Rb7 Rb4+ 43. Kc3 Ra4 44. Rc7+ Kd6 45. Rxf7 Rxa5 46. Kb4 Ra4+ 47.
Kxb5 Rd4 48. Rf8 Ke7 49. Rh8 Rd5+ 50. Kc4 h5 51. Rh6 Kf7 52. f4 Ke7 53. Rg6 Rf5
54. Kd4 Kf7 55. Rg5 Kf6 56. Ke4 1-0

[Event "Druzynowe Mistrzostw Polski Juniorow - II Liga"]
[Site "Wroclaw"]
[Date "1899-12-30"]
[Round "3.90"]
[White "Opalka, Marta"]
[Black "Babinska, Liwia"]
[Result "1-0"]
[WhiteTitle "I"]
[BlackTitle "I"]
[WhiteElo "1249"]
[BlackElo "1331"]

1. Nf3 d5 2. c4 Nf6 3. e3 c6 4. Nc3 Bg4 5. b3 e5 6. h3 Bh5 7. g4 Bg6 8. Nxe5 Ne4
9. Nxg6 Nxc3 10. dxc3 hxg6 11. cxd5 cxd5 12. Bg2 Nc6 13. Qxd5 Qxd5 14. Bxd5 Rc8
15. Bb2 g5 16. O-O-O Nb4 17. Bxb7 Nxa2+ 18. Kd2 Rc7 19. Bd5 Rh6 20. Bc4 Rd6+ 21.
Ke2 Rxd1 22. Rxd1 a5 23. Ra1 Nb4 24. cxb4 Bxb4 25. Ba3 Ke7 26. Bxb4+ axb4 27.
Ra4 Rb7 28. Bd5 Rb5 29. Ra7+ 1-0